Aspectos técnicos del aporte solidario y extraordinario (Registro nro. 20346)
[ vista simple ]
| 000 -LEADER | |
|---|---|
| fixed length control field | 00338 a2200109 4500 |
| 001 - CONTROL NUMBER | |
| control field | ART_52310 |
| 005 - DATE AND TIME OF LATEST TRANSACTION | |
| control field | 20260410161758.0 |
| 008 - FIXED-LENGTH DATA ELEMENTS--GENERAL INFORMATION | |
| fixed length control field | 260409a |
| 100 1# - MAIN ENTRY--PERSONAL NAME | |
| Personal name | Mastandrea, Alberto F. |
| 245 10 - TITLE STATEMENT | |
| Title | Aspectos técnicos del aporte solidario y extraordinario |
| 773 0# - HOST ITEM ENTRY | |
| Title | Doctrina tributaria |
| Related parts | - N°491 (feb. 2021) |
| Record control number | REV4296 |
No hay ítems disponibles.